000 00209 a2200097 4500
001 10000
100 _aRunciman, S.
245 _aHistory of the Crusades, A.
260 _a
_bCambridge
_c
090 _c7765
_d7765
942 _aNUST-CAE
_cM
_c34450
999 _c245073
_d245073